[Event "20. Obert Int. Sant Marti 2018"]
[Site "Barcelona ESP"]
[Date "2018.07.19"]
[Round "7.32"]
[White "Anadkat, Kartavya"]
[Black "Gomez Barrera, Javiera Belen"]
[Result "1/2-1/2"]
[WhiteElo "1910"]
[BlackElo "2063"]
[PlyCount "99"]
[EventDate "2018.07.13"]
[EventType "swiss"]
[EventRounds "9"]
[EventCountry "ESP"]
[SourceTitle "Ajedrez en Madrid"]
[Source "lmi"]
[SourceDate "2018.07.13"]
[SourceVersion "1"]
[SourceVersionDate "2019.06.21"]
[SourceQuality "1"]

1. e4 e5 2. Nf3 Nc6 3. Bc4 Bc5 4. c3 Nf6 5. d3 O-O 6. Bb3 h6 7. h3 d5 8. Qe2 a5
9. a4 b6 10. O-O Ba6 11. exd5 e4 12. Ne1 Ne5 13. c4 Re8 14. dxe4 Nxc4 15. Bxc4
Rxe4 16. Bxa6 Rxe2 17. Bxe2 Ne4 18. Nd3 Ng3 19. Re1 Nxe2+ 20. Rxe2 Qxd5 21. Rd2
Re8 22. Nc3 Qf5 23. Rd1 Bd6 24. Be3 c5 25. Ne1 Bc7 26. Rd5 Qe6 27. Rad1 f5 28.
Nf3 g5 29. Nb5 Bb8 30. Rd8 g4 31. hxg4 fxg4 32. Nh4 g3 33. Nf3 gxf2+ 34. Bxf2
Bf4 35. Re1 Qxe1+ 36. Bxe1 Rxd8 37. Kf2 Re8 38. Nc3 Be3+ 39. Kf1 Bc1 40. Nd5
Bxb2 41. Nxb6 Re6 42. Bxa5 Bc1 43. g3 Kf7 44. Nc4 Ra6 45. Ke2 Ke6 46. Kd3 Kd5
47. Bc3 Rg6 48. Be5 Rg4 49. Nb6+ Kc6 50. Nc4 1/2-1/2

[Event "20. Obert Int. Sant Marti 2018"]
[Site "Barcelona ESP"]
[Date "2018.07.19"]
[Round "7.33"]
[White "Varela Cuadrado, Cesar"]
[Black "Guix Torres, David"]
[Result "0-1"]
[WhiteElo "1856"]
[BlackElo "2059"]
[PlyCount "46"]
[EventDate "2018.07.13"]
[EventType "swiss"]
[EventRounds "9"]
[EventCountry "ESP"]
[SourceTitle "Ajedrez en Madrid"]
[Source "lmi"]
[SourceDate "2018.07.13"]
[SourceVersion "1"]
[SourceVersionDate "2019.06.21"]
[SourceQuality "1"]

1. e4 c5 2. Nf3 Nc6 3. Bb5 Nd4 4. Nxd4 cxd4 5. O-O g6 6. d3 Bg7 7. Bc4 e6 8.
Nd2 Ne7 9. Bb3 O-O 10. h3 a5 11. a4 b6 12. Nf3 f5 13. exf5 Nxf5 14. Re1 Bb7 15.
Ng5 Ne3 16. fxe3 Qxg5 17. Qg4 Qf6 18. Qf4 Qe7 19. Qc7 Qh4 20. g3 Qxh3 21. Bxe6+
dxe6 22. Qxb7 Qxg3+ 23. Qg2 Qxe1+ 0-1

[Event "20. Obert Int. Sant Marti 2018"]
[Site "Barcelona ESP"]
[Date "2018.07.19"]
[Round "7.34"]
[White "Rodriguez Vega, Blas"]
[Black "Gonzalez Rodriguez, Jorge A."]
[Result "1/2-1/2"]
[WhiteElo "1992"]
[BlackElo "2271"]
[PlyCount "82"]
[EventDate "2018.07.13"]
[EventType "swiss"]
[EventRounds "9"]
[EventCountry "ESP"]
[SourceTitle "Ajedrez en Madrid"]
[Source "lmi"]
[SourceDate "2018.07.13"]
[SourceVersion "1"]
[SourceVersionDate "2019.06.21"]
[SourceQuality "1"]

1. d4 Nf6 2. Bf4 c5 3. c3 e6 4. Nf3 d5 5. e3 Nc6 6. Bd3 Be7 7. h3 b6 8. Nbd2
Bb7 9. O-O O-O 10. Ne5 Nxe5 11. dxe5 Nd7 12. Qh5 f5 13. exf6 Nxf6 14. Qe5 Qd7
15. Nf3 Rad8 16. Ng5 Bc8 17. Rad1 Qe8 18. c4 h6 19. Nf3 Bd6 20. Qc3 Bxf4 21.
exf4 Nh5 22. g3 Nxf4 23. gxf4 Rxf4 24. Ne5 Qh5 25. Rde1 Rdf8 26. Bg6 Qh4 27.
Qg3 dxc4 28. Bc2 Qxg3+ 29. fxg3 Rxf1+ 30. Rxf1 Rxf1+ 31. Kxf1 b5 32. Nc6 Kf7
33. Nxa7 Bd7 34. Be4 Ke7 35. Bc6 b4 36. Ke2 Kd6 37. Bxd7 Kxd7 38. Kd2 Kc7 39.
Nb5+ Kc6 40. Na7+ Kb7 41. Nb5 Kc6 1/2-1/2

[Event "20. Obert Int. Sant Marti 2018"]
[Site "Barcelona ESP"]
[Date "2018.07.19"]
[Round "7.35"]
[White "Magallanes, Gustavo"]
[Black "Lacasta Palacio, Joaquim"]
[Result "1/2-1/2"]
[WhiteElo "1952"]
[BlackElo "2105"]
[PlyCount "79"]
[EventDate "2018.07.13"]
[EventType "swiss"]
[EventRounds "9"]
[EventCountry "ESP"]
[SourceTitle "Ajedrez en Madrid"]
[Source "lmi"]
[SourceDate "2018.07.13"]
[SourceVersion "1"]
[SourceVersionDate "2019.06.21"]
[SourceQuality "1"]

1. e4 c5 2. Nf3 Nc6 3. c3 e6 4. d3 d5 5. Qe2 Nf6 6. g3 Be7 7. Bg2 b5 8. O-O Bb7
9. Re1 O-O 10. e5 Nd7 11. h4 a5 12. c4 bxc4 13. dxc4 Ba6 14. b3 Nb6 15. Nbd2
Ra7 16. Ba3 Rd7 17. Rac1 Nb4 18. Bxb4 axb4 19. Bf1 Qa8 20. Qe3 Rfd8 21. Rc2
dxc4 22. bxc4 Bb7 23. Qf4 Na4 24. Ne4 Bxe4 25. Rxe4 Nc3 26. Re1 Nxa2 27. Ra1 b3
28. Rb2 Qa3 29. Rab1 Rb8 30. Qe3 Qa5 31. Rxb3 Rxb3 32. Rxb3 Nb4 33. Ra3 Qc7 34.
Ra8+ Rd8 35. Rxd8+ Qxd8 36. Qe4 h6 37. Ne1 Qd1 38. Kg2 g6 39. Nd3 Nxd3 40. Bxd3
1/2-1/2

[Event "20. Obert Int. Sant Marti 2018"]
[Site "Barcelona ESP"]
[Date "2018.07.19"]
[Round "7.36"]
[White "Saptorshi, Gupta"]
[Black "Salvany Rius, Joaquim"]
[Result "1-0"]
[WhiteElo "2091"]
[BlackElo "1952"]
[PlyCount "51"]
[EventDate "2018.07.13"]
[EventType "swiss"]
[EventRounds "9"]
[EventCountry "ESP"]
[SourceTitle "Ajedrez en Madrid"]
[Source "lmi"]
[SourceDate "2018.07.13"]
[SourceVersion "1"]
[SourceVersionDate "2019.06.21"]
[SourceQuality "1"]

1. e4 c5 2. Ne2 Nf6 3. e5 Ng4 4. d4 cxd4 5. Qxd4 d6 6. exd6 e5 7. Qd2 Bxd6 8.
Nbc3 O-O 9. Ne4 Be7 10. h3 Nf6 11. N2c3 Nxe4 12. Nxe4 Be6 13. Qxd8 Rxd8 14. Be3
Bd5 15. Nc3 Bc6 16. Rg1 Nd7 17. O-O-O Bc5 18. Bxc5 Nxc5 19. Bc4 Rxd1+ 20. Nxd1
b5 21. Be2 Kf8 22. g4 h6 23. Rg3 Ke7 24. Rc3 Kd6 25. b4 Ne6 26. Rxc6+ 1-0

[Event "20. Obert Int. Sant Marti 2018"]
[Site "Barcelona ESP"]
[Date "2018.07.19"]
[Round "7.37"]
[White "Riu Lopez, Daniel"]
[Black "Minko, Dmitry"]
[Result "0-1"]
[WhiteElo "1920"]
[BlackElo "2085"]
[PlyCount "90"]
[EventDate "2018.07.13"]
[EventType "swiss"]
[EventRounds "9"]
[EventCountry "ESP"]
[SourceTitle "Ajedrez en Madrid"]
[Source "lmi"]
[SourceDate "2018.07.13"]
[SourceVersion "1"]
[SourceVersionDate "2019.06.21"]
[SourceQuality "1"]

1. e4 c5 2. Nc3 Nc6 3. f4 g6 4. Nf3 Bg7 5. Bc4 e6 6. d3 Nge7 7. O-O d5 8. Bb3
O-O 9. Qe1 dxe4 10. dxe4 b6 11. Be3 Ba6 12. Rf2 c4 13. Qe2 b5 14. a4 Qa5 15.
Rff1 b4 16. Bxc4 Bxc4 17. Qxc4 bxc3 18. b3 Qb4 19. Qxb4 Nxb4 20. Bc5 Nbc6 21.
b4 Rfe8 22. Rad1 a5 23. b5 Nb4 24. Ne1 Rac8 25. Bb6 Rc4 26. Bxa5 Rxe4 27. Rb1
Ned5 28. g3 Ra8 29. Bxb4 Rxb4 30. Nd3 Rxb1 31. Rxb1 Rxa4 32. Kh1 Bd4 33. Nc1
Rb4 34. Rxb4 Nxb4 35. Ne2 Nxc2 36. b6 Bxb6 37. Nxc3 Ne3 38. Ne4 Kg7 39. h3 f6
40. Kg1 e5 41. Kf2 f5 42. Ng5 e4 43. Ke2 Nd5 44. Ne6+ Kg8 45. h4 h6 0-1

[Event "20. Obert Int. Sant Marti 2018"]
[Site "Barcelona ESP"]
[Date "2018.07.19"]
[Round "7.38"]
[White "Bhuta, Hriday"]
[Black "Moreno Garcia, Elizabeth Paola"]
[Result "1-0"]
[WhiteElo "1650"]
[BlackElo "2029"]
[PlyCount "59"]
[EventDate "2018.07.13"]
[EventType "swiss"]
[EventRounds "9"]
[EventCountry "ESP"]
[SourceTitle "Ajedrez en Madrid"]
[Source "lmi"]
[SourceDate "2018.07.13"]
[SourceVersion "1"]
[SourceVersionDate "2019.06.21"]
[SourceQuality "1"]

1. d4 Nf6 2. c4 g6 3. f3 Bg7 4. e4 d6 5. Nc3 a6 6. Be3 Nbd7 7. Qd2 c6 8. Bd3
O-O 9. Nge2 e5 10. d5 Ne8 11. dxc6 bxc6 12. O-O Ndf6 13. Rfd1 Be6 14. Rab1 Nd7
15. b4 f5 16. b5 f4 17. Bf2 axb5 18. cxb5 c5 19. Nc1 Qg5 20. Bf1 Nb6 21. a4
Nxa4 22. Nxa4 Rxa4 23. b6 Ra8 24. b7 Rb8 25. Qa5 Qe7 26. Qa7 Qc7 27. Be1 c4 28.
Ba5 Qc5+ 29. Qxc5 dxc5 30. Rd8 1-0

[Event "20. Obert Int. Sant Marti 2018"]
[Site "Barcelona ESP"]
[Date "2018.07.19"]
[Round "7.39"]
[White "Marchador Villalba, Jordi"]
[Black "Coste, Roman"]
[Result "1/2-1/2"]
[WhiteElo "2009"]
[BlackElo "1948"]
[PlyCount "110"]
[EventDate "2018.07.13"]
[EventType "swiss"]
[EventRounds "9"]
[EventCountry "ESP"]
[SourceTitle "Ajedrez en Madrid"]
[Source "lmi"]
[SourceDate "2018.07.13"]
[SourceVersion "1"]
[SourceVersionDate "2019.06.21"]
[SourceQuality "1"]

1. d4 d5 2. Bf4 Bf5 3. c4 e6 4. Nc3 c6 5. e3 Nf6 6. Nf3 Bd6 7. Ne5 O-O 8. Be2
Qe7 9. c5 Bc7 10. b4 Nbd7 11. Nxc6 bxc6 12. Bxc7 Nxc5 13. Bf4 Nce4 14. Nxe4
Bxe4 15. O-O Qxb4 16. Rc1 Qa5 17. Qb3 Rfc8 18. Rc5 Qb6 19. f3 e5 20. Bg3 exd4
21. exd4 Bf5 22. Rfc1 Re8 23. Bf1 Bd7 24. Qc2 Qb4 25. Qd3 g6 26. Be5 Bf5 27.
Qb3 Qxb3 28. axb3 Nd7 29. Rxc6 Nxe5 30. dxe5 Rxe5 31. b4 Rb8 32. b5 d4 33. Rd6
Rbe8 34. Rxd4 Re1 35. Rxe1 Rxe1 36. Kf2 Ra1 37. Rd8+ Kg7 38. Ra8 Ra5 39. Rb8 h5
40. h4 Be6 41. Bd3 Kf6 42. Be4 Ke5 43. Bc6 Kd6 44. Ke3 Ra2 45. g3 a6 46. Be4 f5
47. Rb6+ Ke7 48. Bb7 Ra3+ 49. Kd4 axb5 50. Rxb5 Ra1 51. Ke3 Bc4 52. Rb6 Kf7 53.
Kf4 Rg1 54. Ba6 Bxa6 55. Rxa6 Rg2 1/2-1/2

[Event "20. Obert Int. Sant Marti 2018"]
[Site "Barcelona ESP"]
[Date "2018.07.19"]
[Round "7.40"]
[White "Rojas Fernandez, Andres"]
[Black "Chang, Suzana"]
[Result "1-0"]
[WhiteElo "1933"]
[BlackElo "2005"]
[PlyCount "73"]
[EventDate "2018.07.13"]
[EventType "swiss"]
[EventRounds "9"]
[EventCountry "ESP"]
[SourceTitle "Ajedrez en Madrid"]
[Source "lmi"]
[SourceDate "2018.07.13"]
[SourceVersion "1"]
[SourceVersionDate "2019.06.21"]
[SourceQuality "1"]

1. e4 e5 2. Nf3 Nc6 3. Bb5 a6 4. Ba4 Nf6 5. O-O Be7 6. Re1 b5 7. Bb3 O-O 8. h3
d6 9. c3 Na5 10. Bc2 c5 11. d4 Qc7 12. Nbd2 cxd4 13. cxd4 Bd7 14. Nf1 Rac8 15.
Ne3 Nc6 16. Nd5 Nxd5 17. exd5 Nb4 18. Bb3 Bf5 19. dxe5 Bc2 20. Qd2 Bxb3 21.
Qxb4 Bxd5 22. exd6 Bxd6 23. Qg4 f5 24. Qh5 g6 25. Qh4 Bxf3 26. gxf3 Qf7 27. Bh6
Rc4 28. f4 Rfc8 29. Rad1 R4c6 30. Re3 Rc1 31. Red3 Rxd1+ 32. Rxd1 Be7 33. Bg5
Bf8 34. Bf6 Rc6 35. Be5 Qxa2 36. Qd8 Qe6 37. Rd7 1-0

[Event "20. Obert Int. Sant Marti 2018"]
[Site "Barcelona ESP"]
[Date "2018.07.19"]
[Round "7.42"]
[White "Segarra Calderer, Albert"]
[Black "Garcia Ruiz, Adrian"]
[Result "1-0"]
[WhiteElo "2095"]
[BlackElo "1995"]
[PlyCount "61"]
[EventDate "2018.07.13"]
[EventType "swiss"]
[EventRounds "9"]
[EventCountry "ESP"]
[SourceTitle "Ajedrez en Madrid"]
[Source "lmi"]
[SourceDate "2018.07.13"]
[SourceVersion "1"]
[SourceVersionDate "2019.06.21"]
[SourceQuality "1"]

1. c4 e5 2. Nc3 Nf6 3. g3 d5 4. cxd5 Nxd5 5. Bg2 Nb6 6. Nf3 Nc6 7. O-O Be7 8.
d3 O-O 9. a3 Be6 10. Be3 Nd5 11. Nxd5 Bxd5 12. Rc1 Qd7 13. Bc5 Rfe8 14. Bxe7
Rxe7 15. e3 h6 16. b4 a6 17. Rc5 Rd8 18. Qc1 Bb3 19. Nh4 Ba4 20. Be4 g6 21. Nf3
Qd6 22. Qc3 Rde8 23. Nd2 Bb5 24. Bd5 Nd8 25. Ne4 Qb6 26. f4 Ne6 27. Nf6+ Kf8
28. Nxe8 Rxe8 29. fxe5 Bc6 30. Bxe6 Rxe6 31. Qc4 1-0

[Event "20. Obert Int. Sant Marti 2018"]
[Site "Barcelona ESP"]
[Date "2018.07.19"]
[Round "7.43"]
[White "Rusconi, Benito"]
[Black "Borrellas Comellas, Josep"]
[Result "1-0"]
[WhiteElo "1981"]
[BlackElo "2080"]
[PlyCount "77"]
[EventDate "2018.07.13"]
[EventType "swiss"]
[EventRounds "9"]
[EventCountry "ESP"]
[SourceTitle "Ajedrez en Madrid"]
[Source "lmi"]
[SourceDate "2018.07.13"]
[SourceVersion "1"]
[SourceVersionDate "2019.06.21"]
[SourceQuality "1"]

1. e4 e5 2. Nf3 Nc6 3. d4 exd4 4. Nxd4 Bc5 5. Nb3 Bb6 6. Nc3 Qf6 7. Qe2 Nd4 8.
Nxd4 Qxd4 9. Be3 Qb4 10. O-O-O c6 11. Bxb6 axb6 12. Qg4 g6 13. Qf3 Qe7 14. Bc4
b5 15. Bb3 b4 16. Ne2 Qf6 17. Qg3 Ne7 18. Rd6 Qg7 19. Nf4 O-O 20. h4 Kh8 21. h5
g5 22. Nd3 h6 23. Ne5 Ra5 24. Nxd7 Bxd7 25. Rxd7 Re5 26. f3 b5 27. Rhd1 c5 28.
Rd8 Rxd8 29. Rxd8+ Kh7 30. Bxf7 Qf6 31. Be8 Qf4+ 32. Qxf4 gxf4 33. Bxb5 Rxh5
34. Rd7 Re5 35. a4 Kg6 36. a5 Kf6 37. a6 Nc8 38. Rc7 Nb6 39. Rc6+ 1-0

[Event "20. Obert Int. Sant Marti 2018"]
[Site "Barcelona ESP"]
[Date "2018.07.19"]
[Round "7.44"]
[White "Brunet Gil, Pol"]
[Black "Nigalidze, Zviad"]
[Result "1-0"]
[WhiteElo "2052"]
[BlackElo "1968"]
[PlyCount "115"]
[EventDate "2018.07.13"]
[EventType "swiss"]
[EventRounds "9"]
[EventCountry "ESP"]
[SourceTitle "Ajedrez en Madrid"]
[Source "lmi"]
[SourceDate "2018.07.13"]
[SourceVersion "1"]
[SourceVersionDate "2019.06.21"]
[SourceQuality "1"]

1. e4 e5 2. Nf3 Nc6 3. Bc4 Nf6 4. d3 h6 5. c3 d6 6. O-O Bg4 7. Nbd2 Qd7 8. Re1
Be7 9. Nf1 Na5 10. Ne3 Nxc4 11. Nxc4 O-O 12. a4 Nh7 13. Ne3 Bh5 14. Nxe5 dxe5
15. Qxh5 Qxd3 16. Qxe5 Bf6 17. Qd5 Qa6 18. Qc4 Qa5 19. Nd5 c6 20. Nxf6+ Nxf6
21. Bf4 Qh5 22. Qe2 Qg6 23. f3 Rfe8 24. Qf2 Nh5 25. Be3 a6 26. a5 f5 27. exf5
Qxf5 28. Kh1 Nf6 29. b4 Nd5 30. Bd4 Rxe1+ 31. Rxe1 Rf8 32. Qe2 Nf4 33. Qe5 Qg6
34. Rg1 Nd3 35. Qg3 Qf7 36. Rd1 Nf4 37. Re1 Ng6 38. Re4 Kh7 39. Rg4 Qf5 40. h4
Rf7 41. Kh2 Rd7 42. Qh3 Rf7 43. Re4 Qd5 44. Qg4 Rf5 45. Qg3 Qf7 46. Rg4 Rb5 47.
Kh1 Rf5 48. Qf2 Rh5 49. Qc2 Qe6 50. g3 Rf5 51. Re4 Qf7 52. Rg4 Rxf3 53. h5 Rf1+
54. Kh2 Kh8 55. Rxg6 Qd5 56. Rxh6+ Kg8 57. Qh7+ Kf7 58. Qxg7+ 1-0

[Event "20. Obert Int. Sant Marti 2018"]
[Site "Barcelona ESP"]
[Date "2018.07.19"]
[Round "7.45"]
[White "Cabot Muntane, Jordi"]
[Black "Miralles Brugues, Jordi"]
[Result "0-1"]
[WhiteElo "1933"]
[BlackElo "2011"]
[PlyCount "52"]
[EventDate "2018.07.13"]
[EventType "swiss"]
[EventRounds "9"]
[EventCountry "ESP"]
[SourceTitle "Ajedrez en Madrid"]
[Source "lmi"]
[SourceDate "2018.07.13"]
[SourceVersion "1"]
[SourceVersionDate "2019.06.21"]
[SourceQuality "1"]

1. d4 d5 2. Nf3 Nf6 3. Bf4 c5 4. e3 Qb6 5. Nc3 a6 6. Rb1 cxd4 7. exd4 Nc6 8.
Be2 Bg4 9. Be3 e6 10. O-O Bd6 11. a3 O-O 12. h3 Bh5 13. b4 Qc7 14. Na4 b6 15.
Nb2 Ne4 16. Qe1 Ne7 17. c4 dxc4 18. Nxc4 Nd5 19. Rc1 Nxe3 20. fxe3 Bg3 21. Qd1
Rac8 22. Nfd2 Bh2+ 23. Kh1 Ng3+ 24. Kxh2 Bxe2 25. Qe1 Nxf1+ 26. Kg1 Nxd2 0-1

[Event "20. Obert Int. Sant Marti 2018"]
[Site "Barcelona ESP"]
[Date "2018.07.19"]
[Round "7.46"]
[White "Niklesh, Kumar Jain"]
[Black "Claramunt Bassegoda, Marcel"]
[Result "0-1"]
[WhiteElo "1955"]
[BlackElo "1894"]
[PlyCount "66"]
[EventDate "2018.07.13"]
[EventType "swiss"]
[EventRounds "9"]
[EventCountry "ESP"]
[SourceTitle "Ajedrez en Madrid"]
[Source "lmi"]
[SourceDate "2018.07.13"]
[SourceVersion "1"]
[SourceVersionDate "2019.06.21"]
[SourceQuality "1"]

1. e4 e5 2. Nf3 Nc6 3. Bc4 Nf6 4. d3 Bc5 5. c3 O-O 6. b4 Bb6 7. a4 a6 8. Bg5 h6
9. Bh4 d6 10. Nbd2 g5 11. Bg3 Nh5 12. Qe2 Bg4 13. h3 Nxg3 14. fxg3 Be6 15. g4
Ne7 16. d4 exd4 17. Nxd4 Bxd4 18. cxd4 d5 19. Bd3 dxe4 20. Qxe4 Ng6 21. O-O Qd5
22. Nf3 Rad8 23. Rac1 c6 24. Rfe1 Qd6 25. Rc5 Bd5 26. Qe3 Bxf3 27. gxf3 Qxd4
28. Be4 Nf4 29. Qxd4 Rxd4 30. b5 Rxa4 31. bxc6 bxc6 32. Rxc6 Kg7 33. Rec1 Ne2+
0-1

[Event "20. Obert Int. Sant Marti 2018"]
[Site "Barcelona ESP"]
[Date "2018.07.19"]
[Round "7.48"]
[White "Alcaraz Lopez, Francesc"]
[Black "Ji, Pablo"]
[Result "0-1"]
[WhiteElo "1889"]
[BlackElo "1774"]
[PlyCount "82"]
[EventDate "2018.07.13"]
[EventType "swiss"]
[EventRounds "9"]
[EventCountry "ESP"]
[SourceTitle "Ajedrez en Madrid"]
[Source "lmi"]
[SourceDate "2018.07.13"]
[SourceVersion "1"]
[SourceVersionDate "2019.06.21"]
[SourceQuality "1"]

1. c4 c5 2. Nc3 Nf6 3. Nf3 Nc6 4. g3 g6 5. Bg2 Bg7 6. O-O O-O 7. d4 cxd4 8.
Nxd4 Nxd4 9. Qxd4 d6 10. Qd3 Rb8 11. b3 Bf5 12. Qe3 a6 13. Bb2 Re8 14. Qd2 Qc8
15. Rfe1 Bd7 16. e4 b5 17. cxb5 Bxb5 18. Rac1 Qd8 19. Nxb5 axb5 20. Rc2 Nd7 21.
Bxg7 Kxg7 22. Rec1 b4 23. Rc4 Qa5 24. a4 f6 25. Bf1 Nc5 26. Qe3 Rec8 27. f4 Rc7
28. e5 Rbb7 29. R4c2 f5 30. Bc4 Ne4 31. exd6 exd6 32. Qd4+ Nf6 33. Qxd6 Rd7 34.
Qe5 Qb6+ 35. Kg2 Qc6+ 36. Kg1 Qb6+ 37. Kf1 Re7 38. Qb2 Qc6 39. Rg2 Rbd7 40. Bb5
Qf3+ 41. Qf2 Rd1+ 0-1

[Event "20. Obert Int. Sant Marti 2018"]
[Site "Barcelona ESP"]
[Date "2018.07.19"]
[Round "7.49"]
[White "Oualili, Abdelali"]
[Black "Yang, Jack Nathaniel"]
[Result "1-0"]
[WhiteElo "1887"]
[BlackElo "1661"]
[PlyCount "69"]
[EventDate "2018.07.13"]
[EventType "swiss"]
[EventRounds "9"]
[EventCountry "ESP"]
[SourceTitle "Ajedrez en Madrid"]
[Source "lmi"]
[SourceDate "2018.07.13"]
[SourceVersion "1"]
[SourceVersionDate "2019.06.21"]
[SourceQuality "1"]

1. e4 c5 2. Nf3 Nc6 3. d4 cxd4 4. Nxd4 e6 5. Nc3 Qc7 6. Nxc6 bxc6 7. Bd3 Nf6 8.
O-O Be7 9. Qe2 O-O 10. f4 d6 11. Kh1 e5 12. f5 d5 13. g4 d4 14. Nd1 c5 15. b3
h6 16. Nf2 Nh7 17. Bd2 a5 18. Qf3 Ba6 19. Qg3 Bxd3 20. cxd3 a4 21. h4 f6 22.
Nh3 axb3 23. axb3 Rxa1 24. Rxa1 Rb8 25. g5 hxg5 26. hxg5 Nxg5 27. Nxg5 fxg5 28.
Bxg5 Bxg5 29. Qxg5 Rxb3 30. f6 Qf7 31. Ra8+ Kh7 32. Qf5+ Qg6 33. Rh8+ Kxh8 34.
Qxg6 gxf6 35. Qxf6+ 1-0

[Event "20. Obert Int. Sant Marti 2018"]
[Site "Barcelona ESP"]
[Date "2018.07.19"]
[Round "7.50"]
[White "Pena Mor, David"]
[Black "Martinez Aguero, Francisco"]
[Result "1-0"]
[WhiteElo "1858"]
[BlackElo "1504"]
[PlyCount "35"]
[EventDate "2018.07.13"]
[EventType "swiss"]
[EventRounds "9"]
[EventCountry "ESP"]
[SourceTitle "Ajedrez en Madrid"]
[Source "lmi"]
[SourceDate "2018.07.13"]
[SourceVersion "1"]
[SourceVersionDate "2019.06.21"]
[SourceQuality "1"]

1. d4 d5 2. c4 e6 3. Nc3 Nf6 4. cxd5 exd5 5. Bg5 Nbd7 6. e3 c6 7. Bd3 Be7 8.
Nf3 Ne4 9. Bf4 f5 10. O-O O-O 11. Qc2 Ndf6 12. Ne5 Nh5 13. f3 Nxf4 14. Bxe4
fxe4 15. exf4 Rxf4 16. fxe4 Rxf1+ 17. Rxf1 dxe4 18. Qb3+ 1-0

[Event "20. Obert Int. Sant Marti 2018"]
[Site "Barcelona ESP"]
[Date "2018.07.19"]
[Round "7.51"]
[White "Houzi Acharki, Hanane"]
[Black "Lorenzo Martinez, Ruben"]
[Result "0-1"]
[WhiteElo "1664"]
[BlackElo "1846"]
[PlyCount "100"]
[EventDate "2018.07.13"]
[EventType "swiss"]
[EventRounds "9"]
[EventCountry "ESP"]
[SourceTitle "Ajedrez en Madrid"]
[Source "lmi"]
[SourceDate "2018.07.13"]
[SourceVersion "1"]
[SourceVersionDate "2019.06.21"]
[SourceQuality "1"]

1. d4 Nf6 2. Nf3 e6 3. Bg5 c5 4. e3 Qb6 5. Qc1 Nc6 6. c3 d5 7. Nbd2 cxd4 8.
exd4 Be7 9. Bd3 h6 10. Bh4 Bd7 11. Qc2 Rc8 12. Qb3 Na5 13. Qxb6 axb6 14. Ne5
Bc6 15. O-O b5 16. Rfe1 Nc4 17. Ndxc4 bxc4 18. Bc2 O-O 19. f3 Rfe8 20. Re2 Nh5
21. Bxe7 Rxe7 22. g3 Ra8 23. a3 Ba4 24. Bxa4 Rxa4 25. Rae1 g5 26. Ng4 Kg7 27.
Re5 Nf6 28. Nxf6 Kxf6 29. Kg2 Ra8 30. g4 Rae8 31. Kg3 Kg6 32. f4 f6 33. f5+ Kf7
34. Rxe6 Rxe6 35. fxe6+ Rxe6 36. Ra1 Re3+ 37. Kf2 Rh3 38. Kg2 Rd3 39. Ra2 Ke6
40. a4 f5 41. h3 f4 42. a5 Kf7 43. a6 bxa6 44. Rxa6 Rd2+ 45. Kf3 Rxb2 46. Rd6
Rb3 47. Rxd5 Rxc3+ 48. Ke4 Re3+ 49. Kf5 f3 50. Ra5 f2 0-1

[Event "20. Obert Int. Sant Marti 2018"]
[Site "Barcelona ESP"]
[Date "2018.07.19"]
[Round "7.52"]
[White "Roa Ribera, Alvaro"]
[Black "Bernat, Ernest"]
[Result "1/2-1/2"]
[WhiteElo "1742"]
[BlackElo "1880"]
[PlyCount "121"]
[EventDate "2018.07.13"]
[EventType "swiss"]
[EventRounds "9"]
[EventCountry "ESP"]
[SourceTitle "Ajedrez en Madrid"]
[Source "lmi"]
[SourceDate "2018.07.13"]
[SourceVersion "1"]
[SourceVersionDate "2019.06.21"]
[SourceQuality "1"]

1. e4 c5 2. Nc3 e6 3. f4 Nc6 4. Nf3 d5 5. d3 dxe4 6. dxe4 Qxd1+ 7. Kxd1 Bd7 8.
a3 O-O-O 9. Be3 Nf6 10. Ke1 h6 11. Rd1 Be7 12. e5 Ne8 13. Ne4 b6 14. Ba6+ Kb8
15. Kf2 Nc7 16. Bc4 Na5 17. Ba2 Bc6 18. Nc3 Nd5 19. Nxd5 Bxd5 20. Bxd5 Rxd5 21.
b3 Rhd8 22. Ke2 Nc6 23. c4 R5d7 24. Rxd7 Rxd7 25. Rd1 Kc7 26. Rxd7+ Kxd7 27.
Bd2 Kc7 28. Kd3 Kd7 29. g4 g6 30. Bc3 Bd8 31. Ke4 Be7 32. f5 Ke8 33. Bd2 Bf8
34. Bc3 Be7 35. Bd2 Bf8 36. Be3 Na5 37. Nd2 Nc6 38. f6 Kd7 39. h4 Ke8 40. Bf4
Kd7 41. Bg3 Ke8 42. Kd3 Kd7 43. Nf3 Ke8 44. Be1 Kd7 45. Bc3 Ke8 46. Ke3 Kd7 47.
Ke4 Ke8 48. Ne1 Kd7 49. Nd3 a5 50. Bd2 Kc7 51. Be3 Kb7 52. Nc1 Kc7 53. Ne2 Na7
54. Nc3 Kc6 55. Kd3 Kd7 56. Ke4 Kc6 57. Kd3 Kd7 58. Nb5 Nxb5 59. cxb5 Kc7 60.
Kc4 Kb7 61. Bd2 1/2-1/2

[Event "20. Obert Int. Sant Marti 2018"]
[Site "Barcelona ESP"]
[Date "2018.07.19"]
[Round "7.53"]
[White "Romero Gamez, Francisco Javier"]
[Black "Casaponsa Puig, Gaieta"]
[Result "1/2-1/2"]
[WhiteElo "1540"]
[BlackElo "1818"]
[PlyCount "85"]
[EventDate "2018.07.13"]
[EventType "swiss"]
[EventRounds "9"]
[EventCountry "ESP"]
[SourceTitle "Ajedrez en Madrid"]
[Source "lmi"]
[SourceDate "2018.07.13"]
[SourceVersion "1"]
[SourceVersionDate "2019.06.21"]
[SourceQuality "1"]

1. e4 c6 2. d4 d5 3. Nc3 dxe4 4. Nxe4 Nd7 5. Nf3 Ngf6 6. Nxf6+ Nxf6 7. Bc4 e6
8. O-O Be7 9. c3 O-O 10. Bg5 h6 11. Bh4 b5 12. Bb3 Bb7 13. Bc2 c5 14. Qe2 c4
15. Ne5 Bd5 16. Rad1 Qc7 17. f4 Qb7 18. Rde1 a5 19. Bxf6 Bxf6 20. Ng4 Qe7 21.
Nxf6+ Qxf6 22. Be4 Rad8 23. Bxd5 Rxd5 24. a3 Rfd8 25. Qg4 b4 26. axb4 axb4 27.
Rf3 b3 28. Re5 Ra8 29. Rxd5 exd5 30. g3 Qe7 31. Rf2 Ra1+ 32. Kg2 Qe4+ 33. Qf3
Rc1 34. Qxe4 dxe4 35. Re2 f5 36. Kf2 Rd1 37. Re1 Rd3 38. Re3 Kf7 39. Rxd3 exd3
40. Ke3 Ke6 41. Kd2 Kd5 42. Ke3 g5 43. Kf3 1/2-1/2